000 00742nam a2200217 a 4500
999 _c9985
_d9985
001 9985
003 BD-JhCC
005 20180404095621.0
008 171012s1995 bg a|||| ||a| 000 0 ben d
035 _a(BD-JhCC)9985
040 _aBD-JhCC
_dBD-JhCC
041 _aben
082 _a320
_bHAN 1995
100 _aহাননান, ড. মোহাম্মদ
245 _aহাজার বছরের বাংলাদেশ ইতিহাসের অ্যালবাম /
_cড. মোহাম্মদ হাননান
260 _aঢাকা :
_bসাহিত্য প্রকাশ,
_c১৯৯৫.
300 _a186 p. :
_c27cm.
650 _aPolitical Science
942 _2ddc
_cBK